music trivia: 1984 songs and artists - Statistics

General Stats
  • This quiz has been taken 145 times
  • The average score is 7 of 15
Answer Stats
this 1984 song was performed by... ...this 1984 band, group or artist % Correct
When Doves Cry Prince
95%
Footloose Kenny Loggins
87%
Dancing in the Dark Bruce Springsteen
86%
99 Luftballons (99 Red Balloons) Nena
86%
Smooth Operator Sade
78%
The Longest Time Billy Joel
56%
Let's Hear It for the Boy Deniece Williams
49%
If This Is It Huey Lewis and the News
48%
You Might Think The Cars
41%
Talking in Your Sleep The Romantics or Bucks Fizz
41%
Valotte Julian Lennon
27%
So. Central Rain (I'm Sorry) R.E.M.
13%
Will the Wolf Survive? Los Lobos
11%
Guitars, Cadillacs Dwight Yoakam
8%
Hero Takes a Fall The Bangles
6%
No matching quizzes found
Score Distribution
Percent of People with Each Score
Percentile by Number Answered
Your Score History
You have not taken this quiz